Franchise : Bí quyết thành công bằng mô hình nhượng quyền kinh doanh

Nội dung quyển sách được thể hiện không ngoài mục đích trang bị cho người đọc những kiến thức cần thiết về kinh doanh franchise mà nhiều chuyên gia dự đoán sẽ bùng nổ một khi kinh tế Việt Nam hội nhập vào Tổ chức Thương mại thế giới W...

Full beskrivning

Sparad:
Bibliografiska uppgifter
Huvudupphovsman: Lý, Quý Trung
Materialtyp: Bok
Språk:Undetermined
Publicerad: Thành phố Hồ Chí Minh Trẻ 2007
Ämnen:
Taggar: Lägg till en tagg
Inga taggar, Lägg till första taggen!
Thư viện lưu trữ: Trung tâm Học liệu Trường Đại học Cần Thơ
LEADER 01022nam a2200217Ia 4500
001 CTU_135175
008 210402s9999 xx 000 0 und d
020 |c 32000 
082 |a 658.87 
082 |b Tr513 
100 |a Lý, Quý Trung 
245 0 |a Franchise : 
245 0 |b Bí quyết thành công bằng mô hình nhượng quyền kinh doanh 
245 0 |c Lý Quý Trung 
260 |a Thành phố Hồ Chí Minh 
260 |b Trẻ 
260 |c 2007 
520 |a Nội dung quyển sách được thể hiện không ngoài mục đích trang bị cho người đọc những kiến thức cần thiết về kinh doanh franchise mà nhiều chuyên gia dự đoán sẽ bùng nổ một khi kinh tế Việt Nam hội nhập vào Tổ chức Thương mại thế giới WTO. 
650 |a Industrial management,Quản trị kinh doanh 
904 |i Duy Bằng 
980 |a Trung tâm Học liệu Trường Đại học Cần Thơ